Normal view
MARC view
- TELEVISION REPAIRING
Entry Topical Term
001 - CONTROL NUMBER
- control field: 74364
003 - CONTROL NUMBER IDENTIFIER
- control field: NUST
005 - DATE AND TIME OF LATEST TRANSACTION
- control field: 20210628205207.0
008 - FIXED-LENGTH DATA ELEMENTS
- fixed length control field: 210628|| aca||aabn | a|a d
040 ## - CATALOGING SOURCE
- Original cataloging agency: NUST
- Transcribing agency: NUST
150 ## - HEADING--TOPICAL TERM
- Topical term or geographic name entry element: TELEVISION REPAIRING
670 ## - SOURCE DATA FOUND
- Source citation: Work cat.: (NUST): Davidson, H.L 74363, Troubleshooting and repairing of solid-state tvs, 1996
